| 000 | 00667nam a2200217 a 4500 | ||
|---|---|---|---|
| 005 | 20220816154340.0 | ||
| 008 | 150608s2006 mx r 000 0 spa d | ||
| 020 | _a0375508201 | ||
| 035 | _aUPN01000204184 | ||
| 049 | _aCG | ||
| 050 | 4 |
_aKF373 A3 _bY6.2 |
|
| 100 | 1 |
_aYoshino, Kenji, _d1969- _937614 |
|
| 245 | 1 | 0 |
_aCovering : _bthe hidden assault on our civil rights / _cKenji Yoshino. |
| 260 |
_aNew York : _bRandom House, _c2006. |
||
| 300 | _axiv, 282 p. | ||
| 650 | 7 |
_aAbogados _vBiografĂa _2 _955 |
|
| 650 | 4 |
_aDERECHOS DE LOS HOMOSEXUALES - _zESTADOS UNIDOS |
|
| 650 | 4 |
_aDERECHOS CIVILES - _zESTADOS UNIDOS _914557 |
|
| 905 | _aLibro | ||
| 999 |
_c176285 _d176285 |
||